| 000 | 00671nam a22002177a 4500 | ||
|---|---|---|---|
| 999 |
_c7842 _d7842 |
||
| 003 | OSt | ||
| 005 | 20220321155154.0 | ||
| 008 | 220321b ||||| |||| 00| 0 eng d | ||
| 020 | _a052177229X | ||
| 040 | _cDDC | ||
| 082 | _a501 ZIM 2000 | ||
| 100 |
_aZiman,John _915949 |
||
| 245 |
_aReal science : _bwhat it is, and what it means |
||
| 260 |
_aCambridge ; New York : _bCambridge University Press; _c2000 |
||
| 300 |
_axii, 399 pages ; _c 24 cm |
||
| 504 | _aIncludes bibliographical references and index. | ||
| 650 |
_aScience -- Philosophy _915950 |
||
| 650 |
_aScience -- Methodology . _915951 |
||
| 650 |
_aScience -- methods. _915952 |
||
| 942 |
_2ddc _cO_SHELF |
||